Catálogo
 En Linea

Actas del VIII simposium internacional de arte rupestre americano = Proceedings of the VIII international symposium of american rock art / (Registro nro. 26431)

Detalles MARC
000 -CABECERA
campo de control de longitud fija 01267nam a2200289 i 4500
001 - NÚMERO DE CONTROL
campo de control 000026939
003 - IDENTIFICADOR DEL NÚMERO DE CONTROL
campo de control DO-SdBNP
005 - FECHA Y HORA DE LA ÚLTIMA TRANSACCIÓN
campo de control 20260606200734.0
007 - CAMPO FIJO DE DESCRIPCIÓN FÍSICA--INFORMACIÓN GENERAL
campo de control de longitud fija ta
008 - DATOS DE LONGITUD FIJA--INFORMACIÓN GENERAL
campo de control de longitud fija 110328s1987 dr ac r 000 0 spa d
040 ## - FUENTE DE LA CATALOGACIÓN
Centro catalogador/agencia de origen DO-SdBNP
Lengua de catalogación spa
Centro/agencia transcriptor BNPHU
Normas de descripción rda
082 #4 - NÚMERO DE LA CLASIFICACIÓN DECIMAL DEWEY
Número de edición 23
Número de clasificación 709.0113
Número de documento/Ítem S612a
111 2# - ENTRADA PRINCIPAL--NOMBRE DE CONGRESO/REUNIÓN
Nombre de congreso/reunión o jurisdicción como elemento de entrada VIII Simposium Internacional de Arte Rupestre Americano
Número del congreso/reunión o número de parte o sección (8vo :
Fecha del congreso/reunión 1987 jun. 8-13 :
Sede del congreso/Lugar de la reunión Santo Domingo)
9 (RLIN) 54037
245 10 - MENCIÓN DE TÍTULO
Título Actas del VIII simposium internacional de arte rupestre americano = Proceedings of the VIII international symposium of american rock art /
246 10 - FORMA VARIANTE DE TÍTULO
Título propio/Titulo breve Proceedings of the VIII international symposium of american rock art.
264 ## - PRODUCCIÓN, PUBLICACIÓN, DISTRIBUCIÓN, FABRICACIÓN Y COPYRIGHT
Producción, publicación, distribución, fabricación y copyright Sant Cristobal, República Dominicana :
Nombre del de productor, editor, distribuidor, fabricante Museo del Hombre Americano,
Fecha de producción, publicación, distribución, fabricación o copyright 1987
300 ## - DESCRIPCIÓN FÍSICA
Extensión 486 páginas :
Otras características físicas ilustraciones, retratos ;
Dimensiones 22 cm
336 ## - TIPO DE CONTENIDO
Fuente rdacontent
Término de tipo de contenido texto
Código de tipo de contenido txt
337 ## - TIPO DE MEDIO
Fuente rdamedia
Nombre/término del tipo de medio sin mediación
Código del tipo de medio n
338 ## - TIPO DE SOPORTE
Fuente rdacarrier
Nombre/término del tipo de soporte volumen
Código del tipo de soporte nc
590 ## - NOTA LOCAL (RLIN)
Nota local Inventariado, 2024/BT
650 #7 - PUNTO DE ACCESO ADICIONAL DE MATERIA--TÉRMINO DE MATERIA
Fuente del encabezamiento o término armarc
Término de materia o nombre geográfico como elemento de entrada Arte rupestre
Subdivisión general Congresos, conferencias, etc.
Subdivisión geográfica Caribe (Región)
9 (RLIN) 89893
650 #7 - PUNTO DE ACCESO ADICIONAL DE MATERIA--TÉRMINO DE MATERIA
Término de materia o nombre geográfico como elemento de entrada Petroglifos
Subdivisión general Congresos, conferencias, etc.
Subdivisión geográfica Caribe (Región)
9 (RLIN) 89894
650 #7 - PUNTO DE ACCESO ADICIONAL DE MATERIA--TÉRMINO DE MATERIA
Término de materia o nombre geográfico como elemento de entrada Pictografía
Subdivisión general Congresos, conferencias, etc.
Subdivisión geográfica Caribe (Región)
9 (RLIN) 89895
910 ## - DATOS DE OPCIÓN DEL USUARIO (OCLC)
Datos de opción del usuario Btavárez
942 ## - ELEMENTOS DE PUNTO DE ACCESO ADICIONAL (KOHA)
Fuente del sistema de clasificación o colocación Dewey Decimal Classification
Tipo de ítem Koha Libro
Existencias
Estado de retiro Estado de pérdida Fuente del sistema de clasificación o colocación Restricciones de uso No para préstamo Código de colección Localización permanente Ubicación/localización actual Ubicación en estantería Fecha de adquisición Total de préstamos Signatura topográfica completa Código de barras Fecha visto por última vez Precio válido a partir de Tipo de ítem Koha Fuente de adquisición Número de copia Nota pública
    Dewey Decimal Classification Excluido de préstamo   Patrimonio Dominicano Biblioteca Nacional Pedro Henríquez Ureña Biblioteca Nacional Pedro Henríquez Ureña En catalogación 28.03.2011   BNPHU PD 26939-10 25.06.2020 25.06.2020 Libro      
    Dewey Decimal Classification Excluido de préstamo   Patrimonio Dominicano Biblioteca Nacional Pedro Henríquez Ureña Biblioteca Nacional Pedro Henríquez Ureña En catalogación 25.01.2024   BNPHU PD 2024-0437 25.01.2024 25.01.2024 Libro Donación e.2  
    Dewey Decimal Classification Préstamo en sala   Dominicana de Servicio Biblioteca Nacional Pedro Henríquez Ureña Biblioteca Nacional Pedro Henríquez Ureña En catalogación 25.01.2024   BNPHU DS 2024-0438 25.01.2024 25.01.2024 Libro Donación e.3  
    Dewey Decimal Classification Préstamo en sala   Dominicana de Servicio Biblioteca Nacional Pedro Henríquez Ureña Biblioteca Nacional Pedro Henríquez Ureña En catalogación 28.05.2024   BNPHU DS 709.0113 S612a 2024-3180 28.05.2024 28.05.2024 Libro Donación e.4 Perteneció a la biblioteca personal de Emilio Cordero Michel.

Con tecnología Koha